Paesi dell'Asia con una Mappa Vuota - Statistics

Statistiche generali
  • Questo quiz è stato fatto 11.627 volte
  • Il punteggio medio è 40 su 48
Risposte nella Mappa
Le risposte nella mappa del quiz sottostante sono codificate secondo una scala di colori dal rosso al verde in base alla % di persone che hanno risposto correttamente.
 
Statistiche sulle risposte
Paese % Corretto
Cina
99%
India
97%
Giappone
96%
Corea del Nord
93%
Corea del Sud
93%
Iran
93%
Iraq
93%
Pakistan
93%
Mongolia
92%
Afghanistan
91%
Arabia Saudita
91%
Indonesia
90%
Kazakistan
90%
Nepal
90%
Vietnam
89%
Thailandia
88%
Uzbekistan
88%
Israele
87%
Laos
86%
Turkmenistan
86%
Bangladesh
85%
Oman
85%
Yemen
85%
Siria
84%
Sri Lanka
84%
Turchia
84%
Armenia
83%
Azerbaijan
83%
Georgia
83%
Cambogia
82%
Bhutan
81%
Birmania
81%
Giordania
81%
Qatar
81%
Tagikistan
81%
Filippine
80%
Taiwan
80%
Emirati Arabi Uniti
79%
Kirghizistan
78%
Malesia
78%
Libano
77%
Singapore
77%
Kuwait
71%
Maldive
68%
Brunei
67%
Bahrain
66%
Timor Est
62%
Cipro
51%
Nessun quiz corrispondente trovato
Distribuzione punteggi
Percentuale di utenti per punteggio
Percentile per numero di risposta
I tuoi punteggi nel tempo
Non hai fatto questo quiz